| 000 | 00734nas a2200241 4500 | ||
|---|---|---|---|
| 001 | BR0104387 | ||
| 003 | BR-BrBNA | ||
| 005 | 20231205102744.0 | ||
| 007 | ta | ||
| 008 | 230509b bl.|||p| |||| 00| 00por d | ||
| 040 |
_aBR-BrBNA _bpor _cBiblioteca Nacional de Agricultura |
||
| 041 | _a(Pt) | ||
| 072 | _aK50 | ||
| 100 | 1 | _aAlbuquerque, C.E.C. de | |
| 245 | 1 | _aEfeito da secagem a 100 graus centígrados em membranas de pontoações de Pinus taeda L. | |
| 650 | _aPinheiro | ||
| 650 | _aSecagem | ||
| 650 | _aPermeabilidade | ||
| 650 | _aMadeira | ||
| 773 | 0 |
_tFloresta e Ambiente (Brazil) _xISSN 1415-0980 _g(Jan-Dec 2000), v. 7(1) p. 129-136 _wBR0104387 |
|
| 909 |
_a202311 _bLúcia _c55 _dLúcia Elande |
||
| 942 |
_2AGRIS _n0 _cANA |
||
| 999 |
_c169168 _d169168 |
||